| 000 | 00755nam a2200253Ia 4500 | ||
|---|---|---|---|
| 003 | OSt | ||
| 005 | 20221005024949.0 | ||
| 006 | a|||||r|||| 00| 0 | ||
| 007 | ta | ||
| 008 | 221004b |||||||| |||| 00| 0 ara d | ||
| 020 |
_a977110280X (pbk) _c160 |
||
| 024 | _a39546 | ||
| 037 |
_b03, 26/03/2007, Nadwi Publications _cTextual |
||
| 040 |
_aCRL _cCRL _bara |
||
| 041 |
_2ara _aara |
||
| 082 | _aO28,3NYU,52, P6.1-.2 | ||
| 100 | _aSabaie Yusuf Au. | ||
| 245 | 0 | _aLail lah aakhir | |
| 260 |
_aCairo _bMaktaba-e-misr _c2006 |
||
| 300 |
_a311p. _ccm. |
||
| 650 |
_aARABIC FICTION _964594 |
||
| 942 |
_hO28,3NYU,52, P6.1-.2 _cTEXL _2cc |
||
| 999 |
_c933815 _d933815 |
||